| 000 | 00637nam a2200193Ia 4500 | ||
|---|---|---|---|
| 005 | 20251020182616.0 | ||
| 008 | 200515s9999 xx 000 0 und d | ||
| 082 | _aSC/693.56(094.8)/A49 | ||
| 100 | _aAmerican Concrete Institute | ||
| 245 | 0 | _aNorma de Construcciones en Concreto Estructural ACI 318-99 | |
| 260 | _aLima | ||
| 260 | _c2000 | ||
| 300 | _a378 | ||
| 520 | _aContiene: Normas para ensayos y materiales.-Requisitos de construcción.-Requisitos generales.-Sistemas y elementos estructurales.-Concreto estructural simple | ||
| 650 | _aACI-318-99 | ||
| 650 | _aCONCRETO | ||
| 650 | _aCONCRETO ESTRUCTURAL | ||
| 942 | _cLIB | ||
| 999 |
_c3500 _d3500 |
||